00533nam a22001457a 4500008004100000020002200041040005500063080002500118245013900143260003200282300001800314650001300332653001700345700002500362230329b |||||||| |||| 00| 0 eng d a978-0-387-72485-0 aNational Science LibrarycNational Science Library aD 681.324(082.2)bP7 aOpen source development adoption and innovationc/IFIP working group 2.13 on open source software, June 11-14, 2007, Limerick, Ireland aNew York: bSpringer c2007 axxviii, 379p. aSoftware aOpen source  aFeller, Joseph (Ed.)